000 01828cam a2200229 4500500
005 20251228075646.0
041 _afre
042 _adc
100 1 0 _aPirone, Ilaria
_eauthor
245 0 0 _aÀ la limite : malaise dans l’éthique
260 _c2016.
500 _a52
520 _aRésumé À partir d’un sentiment de malaise dans le monde éducatif, l’article propose une relecture de l’essai de Freud Malaise dans la civilisation en mettant au centre la question de l’éthique articulée aux notions de limite et d’impossible. La fonction topologique de la limite permet de redessiner ce qui fait bord dans l’existence, ce qui tient la civilisation en deçà des marges du réel. Face à des formes de moralisation des discours sur l’éthique, la lecture de cet essai, comme travail sur la limite, permet de penser le malaise constitutif de toute recherche d’une position éthique.
520 _aPrompted by a sense of unease in the educational world, the article proposes a re-reading of Freud’s Civilization and Its Discontents by placing at its centre the question of ethics expressed in the notions of the limit and of the impossible. The topological function of the limit allows the re-design of the boundary of what connects with existence and what holds civilization short of the margins of reality. In the face of the moralization of ethical discourse reading this essay, as work on the edge, allows us to consider the constitutive malaise of all research from an ethical position.
690 _aéthique
690 _aimpossible
690 _alimite
690 _amalaise
690 _amonde éducatif.
786 0 _nLe Télémaque | 49 | 1 | 2016-07-05 | p. 9-16 | 1263-588X
856 4 1 _uhttps://shs.cairn.info/revue-le-telemaque-2016-1-page-9?lang=fr&redirect-ssocas=7080
999 _c1597998
_d1597998